Loading...
| History - World History | 0 | 10 | 2 | 2 | 90 | 101 | 118.70 | 0 | 0 |
| History - American History | 0 | 10 | 3 | 2 | 85 | 82 | 116.10 | 0 | 2 |
| Religion | 0 | 5 | 0 | 1 | 50 | 125 | 129.80 | 0 | 0 |
| Any History | 0 | 6 | 3 | 1 | 45 | 102 | 129.83 | 0 | 0 |
| Science - Other Science | 0 | 4 | 1 | 0 | 35 | 83 | 112.00 | 0 | 0 |
| Geography | 0 | 4 | 1 | 3 | 35 | 123 | 138.75 | 0 | 0 |
| History - European History | 0 | 6 | 5 | 2 | 35 | 92 | 125.17 | 0 | 0 |
| Social Science | 0 | 4 | 3 | 0 | 25 | 98 | 117.50 | 0 | 0 |
| Literature - American Literature | 0 | 2 | 0 | 0 | 20 | 105 | 114.50 | 0 | 0 |
| Other Academic | 0 | 2 | 0 | 0 | 20 | 110 | 128.50 | 0 | 0 |
| Painting & Sculpture | 0 | 2 | 0 | 2 | 20 | 135 | 141.50 | 0 | 0 |
| Fine Arts - Other Fine Arts | 0 | 2 | 0 | 1 | 20 | 54 | 97.00 | 0 | 1 |
| Current Events | 0 | 2 | 1 | 0 | 15 | 122 | 127.00 | 0 | 0 |
| Fine Arts - Classical Music | 0 | 1 | 0 | 0 | 10 | 88 | 88.00 | 0 | 0 |
| Science - Physics | 0 | 1 | 0 | 0 | 10 | 139 | 139.00 | 0 | 0 |
| Literature - World Literature | 0 | 1 | 0 | 0 | 10 | 142 | 142.00 | 0 | 0 |
| Mythology | 0 | 1 | 0 | 0 | 10 | 126 | 126.00 | 0 | 0 |
| Science - Biology | 0 | 1 | 0 | 0 | 10 | 97 | 97.00 | 0 | 0 |
| Literature - British Literature | 0 | 1 | 0 | 0 | 10 | 125 | 125.00 | 0 | 0 |
| Literature - European Literature | 0 | 1 | 0 | 0 | 10 | 142 | 142.00 | 0 | 0 |
| Philosophy | 0 | 0 | 0 | 0 | 0 | 0.00 | 0 | 0 |